000 01038nam a22002297a 4500
003 Uzh_bibl
008 260413b |||||||| |||| 00| 0 ukr d
020 _a90-803221-1-3
_c4.00
040 _bукр.
041 _2dut
_aukr
080 _a2
090 _a2
_bЩ 92
100 _a-
245 _aЩоденний хліб для дітей
_cТлумачення: Н.Д.Лужіна
_hТекст
260 _a1996
_bDorcas Aid International
_cAndijk/Diest
300 _a432 c.
_bіл.
_fВ опр.
520 _aКожного дня є завдання читання Біблії,, коротке пояснення і застосування, молитва та вірш для вивчення напам'ять. Ця книга написана для різних культур і не обмежкються однією деномінацією.
521 _aДля дітей віком від 8 до 12 років
546 _aукр.
655 _aБіблійна щоденна читанка
942 _2udc
_cBK
999 _c17312
_d17312